| 000 | 00584nam a2200193Ia 4500 | ||
|---|---|---|---|
| 003 | OSt | ||
| 005 | 20230316164124.0 | ||
| 008 | 210423s2007 xx 000 0 und d | ||
| 020 | _a761933549 | ||
| 040 | _cAL | ||
| 041 | _aeng | ||
| 082 |
_a659.1 _223 _bHALA |
||
| 100 |
_aHALVE (Anand Bhaskar). _975980 |
||
| 245 | _aPlanning for power advertising: a users manual for students and practitioners. | ||
| 260 |
_aNew Delhi _bResponse Books _c2007 |
||
| 365 |
_b395 _cINR |
||
| 906 | _aadvertising: ; manual ; Planning ; power ; practitioners. ; students ; users | ||
| 942 |
_2ddc _cBK |
||
| 999 |
_c155563 _d155563 |
||